| 000 | 00735nam a22002417a 4500 | ||
|---|---|---|---|
| 999 |
_c134461 _d134461 |
||
| 005 | 20181113155537.0 | ||
| 010 | _aB-224046, B-224064 | ||
| 020 |
_c90.00 _a8171992145 |
||
| 035 | _aB-224046,B-224050,B-224064 | ||
| 037 | _bCen Lib/Ret | ||
| 082 |
_a658.31124 _bBAT |
||
| 100 | _aBatra, S. C | ||
| 245 |
_aModern interviews / _cby S. C. Mital [and] P. S. Bright |
||
| 250 | _a18th rev. enl ed. | ||
| 260 |
_aDelhi _bBright Careers |
||
| 270 |
_a1525, Nau Sarak _bDelhi _e110006 |
||
| 300 |
_aviii,280p. _c21cm(pbk) |
||
| 650 | _aEmployment interviewing | ||
| 650 | _aEmployees--Recruiting | ||
| 700 |
_aBright, P. S _937939 |
||
| 942 |
_2ddc _cEN _h658.311424 _mBAT |
||